|
|
|
|
| LEADER |
01277nam a2200265 a 4500 |
| 001 |
13656620 |
| 008 |
091019s2003 bg b 000 0 eng d |
| 010 |
|
|
|a 2004327855
|
| 020 |
|
|
|a 984080183X
|
| 040 |
|
|
|a DLC
|c DLC
|
| 082 |
0 |
0 |
|a 362.5795492
|2 2
|
| 100 |
1 |
|
|a Khan, Monirul I.
|
| 245 |
1 |
0 |
|a Does approach matter in poverty reduction :
|b an empirical study on micro-credit food assistance and employment programmes in rural Bangladesh /
|c by Monirul I. Khan, Santi R. Howlader.
|
| 260 |
|
|
|a Dhaka :
|b Academic Press and Publishers,
|c 2003.
|
| 300 |
|
|
|a vi, 152 p. ;
|c 22 cm.
|
| 504 |
|
|
|a Includes bibliographical references (p. [147]-152).
|
| 541 |
1 |
|
|e 00010259
|
| 650 |
|
0 |
|a Poverty
|x Government policy
|z Bangladesh.
|
| 650 |
|
0 |
|a Food relief
|z Bangladesh.
|
| 650 |
|
0 |
|a Rural women
|x Employment
|z Bangladesh.
|
| 700 |
1 |
|
|a Howlader, Santi R.
|
| 852 |
4 |
|
|a Ayesha Abed Library
|j General shelf
|
| 999 |
|
|
|c 4703
|d 4703
|
| 952 |
|
|
|0 0
|1 0
|2 ddc
|4 0
|6 362_579549200000000_KHA_2003
|7 0
|9 4491
|a BRACUL
|b BRACUL
|c GEN
|d 2009-10-19
|g 0.00
|l 0
|o 362.5795492 KHA
|p 3010010259
|r 2009-10-19
|t 1
|w 2009-10-19
|y BK
|x No price found in the accession register.
|
| 952 |
|
|
|0 0
|1 0
|2 ddc
|4 0
|6 362_579549200000000_KHA
|7 0
|9 43192
|a SCL
|b SCL
|c GEN
|d 2004-05-18
|g 200.00
|l 0
|o 362.5795492 KHA
|p 3020004842
|r 2014-07-16
|t 2
|w 2014-07-16
|y BK
|